Progressively harder geography/history quiz - Statistics

General Stats
  • This quiz has been taken 249 times
  • The average score is 5 of 15
Answer Stats
Hint Answer % Correct
Region which includes the nordic countries Scandinavia
96%
Large island off the coast of Mozambique Madagascar
91%
The year in which the "Great War" started 1914
88%
Peninsula in southern Europe which includes Galicia Iberia
83%
Indiginous language of Crimea Tatar
26%
Man who became the first emperor of Brazil after gaining independance from Portugal Dom Pedro
21%
Russian guerillas who fought against Napoleon Cossacks
18%
Major ethnic group in Ethiopia (hint: Muslim) Oromo
18%
Original Indo-European language Sanskrit
16%
Austrian royal family who inspired the green and yellow on the Brazilian flag Hapsburgs
13%
Large lake near St. Petersburg Lake Ladoga
13%
Name for the self-declared independant state founded by Tuaregs in northern Mali Azawad
6%
Name of the flag which reprisents indiginous people in Bolivia Wiphala
2%
Current dictator/president of Togo Faure Gnassinbé
0%
Man who designed the Nigerian flag Taiwo Akinkunmi
0%
No matching quizzes found
Score Distribution
Percent of People with Each Score
Percentile by Number Answered
Your Score History
You have not taken this quiz